00951nam a2200265 a 450000100060000000300080000600500170001400800410003103500190007204000370009104100080012808200240013609900150016010000500017524500510022526000480027630000340032449000310035850400400038965000370042983000400046694200120050699900170051895201500053570116BD-RjUL20211209081951.0170416s1965 nyua b 001 0 eng d a(BD-RjUL)70328 aDLC/ICUcCGUdm.c.dBD-RjULbeng aeng 223a543.4bSTA 1965 aQD115.S8641 aStock, John T.q(John Thomas),d1911-920765510aAmperometric titrations /c[by] John T. Stock. aNew York :bInterscience Publishers,c1965. axiv, 730 p. :bill. ;c24 cm.1 aChemical analysis ;vv. 20 aIncludes bibliographies and indexes 0aConductometric analysis.9207656 0aChemical analysis ;vv. 20.9209864 2ddccBK c70116d70116 00102ddc40718NFICaRUCLbRUCLcReadingd1966-05-13eMirza Book Agencies,g125.00l0o543.4 STA 1965r2017-04-16 00:00:00tC-1w2021-12-09yBK